Letterboxd's Top 500 Movies (2026) - Statistics

General Stats
  • This quiz has been taken 150 times
  • The average score is 123 of 500
Answer Stats
# Director Movie % Correct
167 Fritz Lang M
86%
15 Francis Ford Coppola The Godfather
86%
14 Bong Joon-Ho Parasite
85%
94 David Fincher Se7en
85%
191 Federico Fellini 8 1/2
84%
7 Francis Ford Coppola The Godfather Part II
77%
38 Christopher Nolan Interstellar
76%
5 Akira Kurosawa Seven Samurai
75%
24 Christopher Nolan The Dark Knight
74%
3 Sidney Lumet 12 Angry Men
73%
220 Stanley Kubrick 2001, A Space Odyssey
73%
18 Sergio Leone The Good, the Bad and the Ugly
72%
11 Peter Jackson The Lord of the Rings, The Return of the King
71%
30 Martin Scorsese Goodfellas
70%
78 Peter Jackson The Lord of the Rings, The Fellowship of the Ring
68%
99 Quentin Tarantino Inglourious Basterds
67%
12 Steven Spielberg Schindlers List
67%
35 Hayao Miyazaki Spirited Away
66%
8 Frank Darabont The Shawshank Redemption
66%
240 Quentin Tarantino Pulp Fiction
65%
64 Irvin Kershner The Empire Strikes Back
65%
45 Peter Jackson The Lord of the Rings, The Two Towers
65%
274 Stanley Kubrick The Shining
65%
197 David Fincher Fight Club
63%
415 Christopher Nolan Oppenheimer
62%
147 Alfred Hitchcock Psycho
62%
423 George Lucas Star Wars
62%
1 Masaki Kobayashi Harakiri
61%
59 Roman Polanski The Pianist
61%
29 Paul Thomas Anderson There Will be Blood
61%
40 Francis Ford Coppola Apocalypse Now
60%
131 Quentin Tarantino Django Unchained
60%
269 Christopher Nolan Inception
59%
288 Quentin Tarantino Kill Bill: Vol. 1
59%
48 Damien Chazelle Whiplash
58%
146 Joel & Ethan Coen No Country for Old Men
56%
221 Ridley Scott Alien
55%
10 Fernando Meirelles City of God
55%
317 Jang Hoon A Taxi Driver
54%
174 James Cameron Terminator 2, Judgement Day
54%
275 Alfred Hitchcock Vertigo
54%
13 Edward Yang Yi Yi
54%
382 Christopher Nolan Memento
53%
347 Paul Thomas Anderson One Battle After Another
53%
95 Milos Forman One Flew Over the Cuckoos Nest
53%
39 Frank Capra It's a Wonderful Life
52%
93 Park Chan-Wook Oldboy
52%
65 Spike Lee Do the Right Thing
51%
156 Stanley Kubrick Dr. Strangelove (or How I Learned to Stop Worrying and Love the Bomb)
51%
212 David Lynch Mulholland Drive
51%
17 Akira Kurosawa Ran
51%
97 Alfred Hitchcock Rear Window
51%
60 Stanley Kubrick Barry Lyndon
50%
4 Elem Klimov Come and See
50%
6 Akira Kurosawa High and Low
50%
61 Roberto Benigni Life is Beautiful
50%
75 Sergio Leone Once Upon a Time in the West
50%
122 Martin Scorsese The Departed
50%
121 Jonathan Demme The Silence of the Lambs
50%
110 John Carpenter The Thing
50%
391 Ridley Scott Gladiator
49%
26 Isao Takahata Grave of the Fireflies
49%
77 Ingmar Bergman Persona
49%
466 Quentin Tarantino Reservoir Dogs
49%
224 Steven Spielberg Saving Private Ryan
49%
68 Bob PersichettiPeter Ramsey Rodney Rothman Spiderman into the Spider-Verse
49%
190 Michael Curtiz Casablanca
48%
52 Bong Joon-Ho Memories of Murder
48%
33 Stanley Kubrick Paths of Glory
48%
56 Joaquim Dos SantosJustin K. Thompson Kemp Powers Spiderman, Across the Spider-Verse
48%
234 Wes Anderson The Grand Budapest Hotel
48%
130 Charlie Chaplin The Great Dictator
48%
107 Milos Forman Amadeus
47%
160 Roman Polanski Chinatown
47%
161 Wes Anderson Fantastic Mr. Fox
47%
402 Robert Zemeckis Forrest Gump
47%
157 Michael Mann Heat
47%
272 Sergio Leone Once Upon a Time in America
47%
63 Andrei Tarkovsky Stalker
47%
189 Christopher Nolan The Prestige
47%
102 Costa-Gavras Z
47%
364 Orson Welles Citizen Kane
46%
333 Stanley Kubrick Full Metal Jacket
46%
88 Gus Van Sant Good Will Hunting
46%
16 Akira Kurosawa Ikiru
46%
84 Wong Kar-Wai In the Mood for Love
46%
66 David Lean Lawrence of Arabia
46%
89 Wim Wenders Paris, Texas
46%
41 Billy Wilder The Apartment
46%
19 Giuseppe Tornatore Cinema Paradiso
45%
73 Hayao Miyazaki Princess Mononoke
45%
133 Denis Villeneuve Prisoners
45%
482 Denis Villeneuve Arrival
44%
104 Hayao Miyazaki Howl's Moving Castle
44%
267 Paul Thomas Anderson Magnolia
44%
136 David Lynch Twin Peaks, Fire Walk with me
44%
37 Denis Villeneuve Incendies
43%
214 Charlie Chaplin Modern Times
43%
163 David Lynch The Elephant Man
43%
128 Ingmar Bergman The Seventh Seal
43%
293 Martin Scorsese Casino
41%
127 Charlie Chaplin City Lights
41%
85 Denis Villeneuve Dune: Part Two
41%
21 Mathieu Kassovitz La Haine
41%
294 Roman Polanski Rosemary's Baby
41%
2 Masaki Kobayashi The Human Condition III, A Soldiers Prayer
41%
9 Masaki Kobayashi The Human Condition I, No Greater Love
41%
239 Michael Gondry Eternal Sunshine of the Spotless Mind
40%
434 Joel CoenEthan Coen Fargo
40%
473 Jordan Peele Get Out
40%
280 Martin Scorsese Raging Bull
40%
195 Billy Wilder Some Like it Hot
40%
187 Frank Darabont The Green Mile
40%
306 Robert Zemeckis Back to the Future
39%
309 Paul Thomas Anderson Boogie Nights
39%
226 Daniel Scheinert Daniel Kwan Everything Everywhere All at Once
39%
180 Spike Lee Malcolm X
39%
442 Steven Spielberg Raiders of the Lost Ark
39%
25 Masaki Kobayashi The Human Condition II, Road to Eternity
39%
276 Peter Weir The Truman Show
39%
159 Akira Kurosawa Yojimbo
39%
155 Richard Linklater Before Sunrise
38%
151 Sidney Lumet Dog Day Afternoon
38%
329 Barry Jenkins Moonlight
38%
42 Billy Wilder Sunset Boulevard
38%
386 Lana Wachowski Lilly Wachowski The Matrix
38%
360 Andrey Zyvagintsev The Return
38%
447 Josh Safdie Marty Supreme
37%
230 Fritz Lang Metropolis
37%
80 Satoshi Kon Perfect Blue
37%
254 Andrew Stanton Wall-E
37%
126 Ingmar Bergman Wild Strawberries
37%
436 Ang Lee Brokeback Mountain
36%
115 Peter Weir Dead Poets Society
36%
49 Ingmar Bergman Fanny and Alexander
36%
43 Yasujiro Ozu Tokyo Story
36%
142 Richard Linklater Before Sunset
35%
352 Alfred Hitchcock North by Northwest
35%
50 Celine Sciamma Portrait of a Lady on Fire
35%
318 Akira Kurosawa Rashomon
35%
470 Brian De Palma Scarface
35%
72 Park Chan-Wook The Handmaiden
35%
36 Andrei Tarkovsky Andrei Rublev
34%
137 Andrei Tarkovsky Mirror
34%
79 Bela Tarr Satantango
34%
387 Martin Scorsese Shutter Island
34%
264 Andrei Tarkovsky Solaris
34%
23 Ingmar Bergman Autumn Sonata
33%
400 Darren Aronofsky Black Swan
33%
185 Wong Kar-Wai Chungking Express
33%
124 Hirokazu Kore-eda Monster
33%
210 Sidney Lumet Network
33%
87 Buster Keaton Sherlock, Jr.
33%
113 Stanley DonenGene Kelly Singin' in the Rain
33%
22 Edward Yang A Brighter Summer Day
32%
67 John Cassavetes A Woman Under the Influence
32%
314 Chloe Zhao Hamnet
32%
381 Greta Gerwig Little Women
32%
260 Brad Bird Ratatouille
32%
245 Tarsem Singh The Fall
32%
179 Thomas Vinterburg The Hunt
32%
250 Martin Scorsese The King of Comedy
32%
420 Steve McQueen 12 Years a Slave
31%
249 Sergio Leone For a Few Dollars More
31%
409 Paul Thomas Anderson Phantom Thread
31%
232 David Lean The Bridge on the River Kwai
31%
116 Bob Fosse All that Jazz
30%
158 Alfonso Cuaron Children of Men
30%
407 George Miller Mad Max: Fury Road
30%
435 Guillermo Del Toro Pan's Labyrinth
30%
371 Rob Reiner Stand By Me
30%
154 Francois Truffaut The 400 Blows
30%
46 Carl Theodor Dreyer The Passion of Joan of Arc
30%
173 Vittorio De Sica Bicycle Thieves
29%
177 Hideaki Anno Evangelion: 3.0+1.0 Thrice Upon a Time
29%
20 Jacques Becker Le Trou
29%
27 Hideaki AnnoKazuya Tsurumaki Neon Genesis Evangelion, The End of Evangelion
29%
448 John Woo The Killer
29%
273 Danny Boyle Trainspotting
29%
100 Joseph L. Mankiewicz All About Eve
28%
406 Elia Kazan On the Waterfront
28%
135 Abbas Kiarostami Taste of Cherry
28%
31 Gillo Pontecorvo The Battle of Algiers
28%
292 Michael Cimino The Deer Hunter
28%
270 Roger AllersRob Minkoff The Lion King
28%
217 Billy Wilder Double Indemnity
26%
413 Wong Kar-Wai Fallen Angels
26%
202 Federico Fellini La Dolce Vita
26%
51 Paul Schrader Mishima, A Life in Four Chapters
26%
383 Joachim Trier Sentimental Value
26%
247 Robert Wise The Sound of Music
26%
132 Wolfgang Peterson Das Boot
25%
54 Emeric PressburgerMichael Powell The Red Shoes
25%
316 Clint Eastwood Unforgiven
25%
150 Wim Wenders Wings of Desire
25%
497 Martin Scorsese After Hours
24%
183 Katsuhiro Otomo Akira
24%
91 Asghar Farhadi A Separation
24%
53 Abbas Kiarostami Close-Up
24%
119 Walter Salles I'm Still Here
24%
123 Yasujiro Ozu Late Spring
24%
55 Akira Kurosawa Red Beard
24%
82 Ingmar Bergman Scenes from a Marriage
24%
445 Francis Ford Coppola The Conversation
24%
304 Charlie Chaplin The Kid
24%
319 George Roy Hill The Sting
24%
28 Hiroshi Teshigahara Woman in the Dunes
24%
289 Charlotte Wells Aftersun
23%
433 Tony Kaye American History X
23%
34 Mikhail Kalatozov I am Cuba
23%
32 Mikhail Kalatozov The Cranes are Flying
23%
441 Charlie Chaplin The Gold Rush
23%
223 Alexander Payne The Holdovers
23%
188 Brad Bird The Iron Giant
23%
169 Florian Henckel Von Donnersmarck The Lives of Others
23%
86 Abbas Kiarostami Where is the Friend's House?
23%
134 David Lean Brief Encounter
22%
98 Don Hertzfeldt It's Such a Beautiful Day
22%
205 Chantal Akerman Jeanne Dielman, 23, Quai du Commerce, 1080 Bruxelles
22%
256 Satoshi Kon Millennium Actress
22%
81 Peter Bogdanovich Paper Moon
22%
427 Celine Song Past Lives
22%
148 Wim Wenders Perfect Days
22%
472 Alfred Hitchcock Rope
22%
47 Kenji Mizoguchi Sansho the Bailiff
22%
44 Larisa Shepitko The Ascent
22%
62 Billy Wilder Witness for the Prosecution
22%
194 Kiyoshi Kurosawa Cure
21%
393 Frank Capra It Happened One Night
21%
463 Hayao Miyazaki Kiki's Delivery Service
21%
143 Xavier Dolan Mommy
21%
455 Akira Kurosawa Sanjuro
21%
141 Thomas Vinterberg The Celebration
21%
172 Florian Zeller The Father
21%
215 Charles Laughton The Night of the Hunter
21%
170 Andrei Tarkovsky The Sacrifice
21%
120 Krzysztof Kieslowski Three Colours, Red
21%
196 Akira Kurosawa Throne of Blood
21%
229 Satoshi Kon Tokyo Godfathers
21%
350 Jean-Pierre Jeunet Amelie
20%
105 Walter Salles Central Station
20%
257 Akira Kurosawa Dreams
20%
459 Terry JonesTerry Gilliam Monty Python and the Holy Grail
20%
338 Clyde Bruckman Buster Keaton The General
20%
366 David Lynch The Straight Story
20%
265 Makoto Shinkai Your Name.
20%
388 Lewis Milestone All Quiet on the Western Front
19%
281 Lars Von Trier Dancer in the Dark
19%
451 Alfred Hitchcock Dial M for Murder
19%
401 Robert Altman Nashville
19%
320 Jacques Tati PlayTime
19%
324 S. S. Rajamouli RRR
19%
176 Mike Leigh Secrets and Lies
19%
458 Akira Kurosawa The Hidden Fortress
19%
242 Carol Reed The Third Man
19%
74 Kaouther Ben Hania The Voice of Hind Rajab
19%
124 Ernst Lubitsch To Be or Not to Be
19%
111 Robert Bresson A Man Escaped
18%
398 Bob Fosse Cabaret
18%
76 Sion Sono Love Exposure
18%
454 John Schlesinger Midnight Cowboy
18%
57 Hirokazu Kore-eda Nobody Knows
18%
164 John Cassavetes Opening Night
18%
109 Carl Theodor Dreyer Ordet
18%
139 Satyajit Ray Pather Panchali
18%
103 Henri-Georges Clouzot The Wages of Fear
18%
140 Jacques Demy The Young Girls of Rochefort
18%
432 Krzystof Kieslowski Three Colours: Blue
18%
83 Hu Bo An Elephant Sitting Still
17%
348 Lars Von Trier Dogville
17%
323 Ryusuke Hamaguchi Drive My Car
17%
69 Theo Angelopoulos Eternity and a Day
17%
284 Wong Kar-Wai Happy Together
17%
342 Andrei Tarkovsky Ivan's Childhood
17%
277 Jean-Pierre Melville Le Samourai
17%
395 Bong-Joon Ho Mother
17%
290 Gregg Araki Mysterious Skin
17%
58 Federico Fellini Nights of Cabiria
17%
70 Matt Johnson Nirvana the Band the Show the Movie
17%
206 William Friedkin Sorcerer
17%
422 John Sturges The Great Escape
17%
165 John Huston The Treasure of the Sierra Madre
17%
468 Jacques Demy The Umbrellas of Cherbourg
17%
285 Alfonso Cuaron Y Tu Mama Tambien
17%
403 George Roy Hill Butch Cassidy and the Sundance Kid
16%
71 Chen Kaige Farewell my Concubine
16%
227 Ken Loach Kes
16%
341 Hayao Miyazaki My Neighbour Totoro
16%
443 Matthew Warchus Pride
16%
152 Greg Kwedar Sing Sing
16%
208 Kenji Mizoguchi Ugetsu
16%
225 Ingmar Bergman Winter Light
16%
101 Jean-Pierre Melville Army of Shadows
15%
106 Tatsuya Yoshihara Chainsaw Man, The Movie: Reze Arc
15%
286 Ingmar Bergman Cries and Whispers
15%
166 Akira Kurosawa Dersu Uzala
15%
376 John Woo Hard Boiled
15%
108 Stanley Kramer Judgement at Nuremberg
15%
370 Federico Fellini La Strada
15%
298 Valerie FarisJonathan Dayton Little Miss Sunshine
15%
153 Hirokazu Kore-edu Shoplifters
15%
410 Charlie Kaufman Synecdoche, New York
15%
300 Peter Bogdanovich The Last Picture Show
15%
302 Ridley Scott Thelma and Louise
15%
178 John Ford The Man who Shot Liberty Valance
15%
149 Bela Tarr Werckmeister Harmonies
15%
372 Alejandro Gonzalez Inarritu Amores Perros
14%
258 Michael Haneke Amour
14%
168 Marcel Carne Children of Paradise
14%
344 Henry Selick Coraline
14%
478 Werner Herzog Fitzcarraldo
14%
204 Adam Elliot Mary and Max
14%
182 Andrei Tarkovsky Nostalgia
14%
471 Joe Wright Pride and Prejudice
14%
114 Zhang Yimou Raise the Red Lantern
14%
231 William Wyler The Best Years of Our Lives
14%
213 Isao Takahata The Tale of the Princess Kaguya
14%
396 Orson Welles Touch of Evil
14%
144 Emir Kusturica Underground
14%
199 Mike Nichols Who's Afraid of Virginia Woolf?
14%
233 Otto Preminger Anatomy of a Murder
13%
375 Agnes Varda Cleo from 5 to 7
13%
112 Pat Boonnitipat How to Make Millions Before Grandma Dies
13%
243 Masaki Kobayashi Kwaidan
13%
175 Michelangelo Antonioni La Notte
13%
361 Howard Hawks Rio Bravo
13%
117 Hirokazu Kore-eda Still Walking
13%
261 Bela Tarr The Turin Horse
13%
192 Billy Wilder Ace in the Hole
12%
365 Pedro Almodovar All About My Mother
12%
92 Satyajit Ray Apur Sansar
12%
460 Lars Von Trier Breaking the Waves
12%
477 Alfonso Cuaron Harry Potter and the Prisoner of Azkaban
12%
424 Alain Resnais Hiroshima Mon Amour
12%
96 Theo Angelopoulos Landscape in the Mist
12%
235 Dean Fleischer Camp Marcel the Shell with Shoes On
12%
389 Roberto Rossellini Rome, Open City
12%
253 Emeric Pressburger Michael Powell The Life and Death of Colonel Blimp
12%
374 Yoshifumi Kondo Whisper of the Heart
12%
379 Alan J. Pakula All the President's Men
11%
209 Emeric PressburgerMichael Powell A Matter of Life and Death
11%
252 Yasujiro Ozu An Autumn Afternoon
11%
118 Ettore Scola A Special Day
11%
129 Toshio Matsumoto Funeral Parade of Roses
11%
262 Akira Kurosawa Kagemusha
11%
138 Luchino Visconti Rocco and his Brothers
11%
145 Juzo Itami Tampopo
11%
222 Hiroshi Teshigahara The Face of Another
11%
271 Michael Haneke The White Ribbon
11%
301 Chris Sanders The Wild Robot
11%
216 Vittorio De Sica Umberto D.
11%
211 Satyajit Ray Aparajito
10%
337 Jim Sheridan In the Name of the Father
10%
310 Park Chan-wook Joint Security Area
10%
198 Kiyotaka Oshiyama Look Back
10%
490 Frank Capra Mr. Smith Goes to Washington
10%
488 Paul King Paddington 2
10%
359 William Wyler Roman Holiday
10%
90 Shinobu Yaguchi Swing Girls
10%
266 Ken Russel The Devils
10%
343 John Ford The Grapes of Wrath
10%
476 Rajkumar Hirani 3 Idiots
9%
450 Robert Altman 3 Women
9%
237 Cristian Mungiu 4 Months, 3 Weeks and 2 Days
9%
384 Rainer Werner Fassbinder Ali: Fear Eats the Soul
9%
483 Chris Sanders Dean DeBlois How to Train Your Dragon
9%
200 Hideaki Anno Ritual
9%
283 Ingmar Bergman Shame
9%
236 Alexander Mackendrick Sweet Smell of Success
9%
162 Juraj Herz The Cremator
9%
228 Takehiko Inoue The First Slam Dunk
9%
453 Luchino Visconti The Leopard
9%
362 Robert Altman The Long Goodbye
9%
368 Robert Aldrich What Ever Happened to Baby Jane?
9%
181 Michel Ocelot Azur & Asmar: The Princes' Quest
8%
311 Majid Majidi Children of Heaven
8%
426 Stuart Rosenberg Cool Hand Luke
8%
480 F.W. Murnau Faust
8%
315 Yasujiro Ozu Good Morning
8%
207 Kazuhisa TakenouchiLeji Matsumoto Hirotoshi Rissen Daisuke Nishio Interstella 5555: The 5tory of the 5ecret 5tar 5ystem
8%
417 Adam Elliot Memoir of a Snail
8%
203 Jules Dassin Rififi
8%
491 Robert Altman Short Cuts
8%
430 Ingmar Bergman The Virgin Spring
8%
421 Ingmar Bergman Through a Glass Darkly
8%
184 Ettore Scola We all Loved each other so much
8%
498 Vidhu Vinod Chopra 12th Fail
7%
405 Shunji Iwai All About Lily Chou-Chou
7%
358 Jacques Audiard A Prophet
7%
299 Nadine Labaki Capernaum
7%
193 Sidney Lumet Fail Safe
7%
481 Agnes Varda Le Bonheur
7%
296 Jean-Pierre Melville Le Cercle Rouge
7%
186 Abbas Kiarostami Life and Nothing More
7%
392 Nuri Bilge Ceylan Once Upon a Time in Anatolia
7%
303 Vincent ParonnaudMarjane Satrapi Persepolis
7%
440 J.A. Bayona Society of the Snow
7%
201 Tomm Moore Song of the Sea
7%
307 Darius Marder Sound of Metal
7%
335 Bernardo Bertolucci The Conformist
7%
390 Luis Bunuel The Exterminating Angel
7%
246 Juan Jose Campanella The Secret in Their Eyes
7%
367 Ernst Lubitsch The Shop Around the Corner
7%
336 Abbas Kiarostami Through the Olive Trees
7%
295 Guel Arraes A Dog's Will
6%
493 Mike Mills C'mon C'mon
6%
354 Francois Truffaut Day for Night
6%
278 Takeshi Kitano Fireworks
6%
308 Jean Renoir Grand Illusion
6%
219 Dino Risi Il Sorpasso
6%
351 Sergio Pablos Klaus
6%
474 Robert Altman McCabe and Mrs. Miller
6%
326 Masaaki Yuasa Mind Game
6%
437 Tony Bancroft Barry Cook Mulan
6%
412 Eric Rohmer My Night at Maud's
6%
353 Hayao Miyazaki Nausicaa of the Valley of the Wind
6%
487 Brian De Palma Phantom of the Paradise
6%
248 Lee Chang-dong Poetry
6%
492 Joel Crawford Puss in Boots: The Last Wish
6%
456 John Frankenheimer Seconds
6%
380 F.W. Murnau Sunrise, A Song of Two Humans
6%
363 Peter Greenaway The Cook, The Thief, His Wife and Her Lover
6%
446 Sergio Corbucci The Great Silence
6%
408 Eric Rohmer The Green Ray
6%
452 Eric Toledano Olivier Nakache The Intouchables
6%
291 Sydney Pollack They Shoot Horses, Don't They?
6%
399 Kiyoshi Kurosawa Tokyo Sonata
6%
297 Nuri Bilge Ceylan Winter Sleep
6%
263 Tomm MooreRoss Stewart Wolfwalkers
6%
411 Hirokazu Kore-eda After Life
5%
313 Louis Malle Au Revoir les Enfants
5%
449 Ang Lee Eat Drink Man Woman
5%
385 Alonso Ruizpalacios Gueros
5%
328 Lee Joon-ik Hope
5%
218 Kirk Jones I Swear
5%
378 Hirokazu Kore-eda Like Father, Like Son
5%
330 John Cassavetes Love Streams
5%
322 Masaaki Yuasa Night is Short, Walk On Girl
5%
462 Alan Parker Pink Floyd: The Wall
5%
444 Peter Watkins Punishment Park
5%
238 Jasmila Zbanic Quo Vadis, Aida?
5%
241 Marcell Jankovics Son of the White Mare
5%
496 Rainer Werner Fassbinder The Bitter Tears of Petra Von Kant
5%
416 William Wyler The Children's Hour
5%
485 Sergei Parajanov The Color of Pomegranates
5%
251 Leos Carax The Lovers on the Bridge
5%
255 Emir Kusturica Time of the Gypsies
5%
355 Nabwana IGG Who Killed Captain Alex?
5%
484 Asghar Farhadi About Elly
4%
327 Elia Kazan A Face in the Crowd
4%
321 Naoko Yamada A Silent Voice: The Movie
4%
357 Henri-Georges Clouzot Diabolique
4%
394 Stephane AubierVincent Patar Benjamin Renner Ernest and Celestine
4%
489 Mike Cheslik Hundreds of Beavers
4%
334 Nicholas Ray In a Lonely Place
4%
345 Saim Sadiq Joyland
4%
340 Nobuhiro Yamashita Linda Linda Linda
4%
244 Roberto Gavaldon Macario
4%
438 Deniz Gamze Erguven Mustang
4%
464 Fabian Bielinsky Nine Queens
4%
500 Hirokazu Kore-eda Our Little Sister
4%
171 Yukihiro Miyamoto Puella Magi Madoka Magica the Movie Part III: Rebellion
4%
429 Hwang Dong-hyuk Silenced
4%
457 Edward Yang Terrorizers
4%
465 Kihachi Okamoto The Sword of Doom
4%
439 Cristobal LeonJoaquin Cocina The Wolf House
4%
377 Mick Jackson Threads
4%
499 Raoul Walsh White Heat
4%
467 Damian Szifron Wild Tales
4%
425 Wim Wenders Alice in the Cities
3%
431 Yuzuru Tachikawa Blue Giant
3%
428 Hector Babenco Carandiru
3%
287 Carlos Saura Cria!
3%
268 Ciro Guerra Embrace of the Serpent
3%
486 Yandy Laurens Falling in Love Like in Movies
3%
339 Anurag Kashyap Gangs of Wasseypur - Part 2
3%
331 Susumu Mitsunaka HAIKYU!! The Dumpster Battle
3%
461 Ernesto Contreras I Dream in Another Language
3%
495 Richard Brooks In Cold Blood
3%
312 Elio Petri Investigation of a Citizen Above Suspicion
3%
259 Tetsuya Nakashima Kamikaze Girls
3%
418 Lukas Moodysson Lilya 4-ever
3%
346 Claude Barras My Life as a Zucchini
3%
332 Hector Babenco Pixote
3%
414 Destin Daniel Cretton Short Term 12
3%
479 Boris Lojkine Souleymane's Story
3%
349 Kim Ki-duk Spring, Summer, Fall, Winter... and Spring
3%
279 Bernard Queysanne The Man Who Sleeps
3%
397 Anna Muylaert The Second Mother
3%
404 Victor Erice The Spirit of the Beehive
3%
419 Yoshiaki Kawajiri Vampire Hunter D: Bloodlust
3%
373 Derek Tsang Kwok-Cheung Better Days
2%
325 Peter Chan Ho-Sun Comrades, Almost a Love Story
2%
356 Madhu C. Narayanan Kumbalangi Nights
2%
305 C. Prem Kumar Meiyazhagan
2%
494 Agnes Varda One Sings, the Other Doesn't
2%
369 Louis Malle The Fire Within
2%
469 Paola Cortellesi There's Still Tomorrow
2%
475 Joseph Losey The Servant
2%
282 Luis Bunuel The Youn and the Damned
1%
No matching quizzes found
Score Distribution
Percent of People with Each Score
Percentile by Number Answered
Your Score History
You have not taken this quiz